Spletité cesty balíkové cenotvorby
Balíková cenotvorba. Faktory ovplyvňujúce cenu balíkov u dopravcov. Príplatky k cene. Parametre ovplyvňujúce cenu prepravy balíkov u vybraných dopravcov (DHL Express, Der Kurier, PPL CZ, UPS...).
Gespeichert in:
| 1. Verfasser: | |
|---|---|
| Format: | Buchkapitel |
| Sprache: | Tschechisch |
| Schlagworte: | |
| Tags: |
Keine Tags, Fügen Sie das erste Tag hinzu!
|
MARC
| LEADER | 00000naa a2200000 4500 | ||
|---|---|---|---|
| 001 | 0248150 | ||
| 005 | 20181009091102.3 | ||
| 041 | 0 | |a cze | |
| 044 | |a CZ | ||
| 245 | 1 | 0 | |a Spletité cesty balíkové cenotvorby |c Pavel Toman |
| 520 | |a Balíková cenotvorba. Faktory ovplyvňujúce cenu balíkov u dopravcov. Príplatky k cene. Parametre ovplyvňujúce cenu prepravy balíkov u vybraných dopravcov (DHL Express, Der Kurier, PPL CZ, UPS...). | ||
| 610 | 2 | 0 | |a doprava cestná nákladná |
| 610 | 2 | 0 | |a preprava |
| 610 | 2 | 0 | |a služby dopravné |
| 610 | 2 | 0 | |a poistenie |
| 610 | 2 | 0 | |a tvorba cien |
| 610 | 2 | 0 | |a ceny |
| 100 | 1 | |a Toman, Pavel | |